| 000 | 00490 a2200169 4500 | ||
|---|---|---|---|
| 003 | Nust | ||
| 005 | 20251020124319.0 | ||
| 040 | _cNust | ||
| 082 | _a621.382,AWA | ||
| 100 |
_aAwan, Asim Capt ( TE-34) _9131255 |
||
| 245 |
_aNoise Source Cryptograhhic Key Generator / _cCapt Asim Awan , Capt Hasnat Sadiq , Capt Farooq Omer , Lt Ammar -EL- Tattar |
||
| 260 |
_bMCS _aRawalpindi _c2001 |
||
| 300 | _aVarious | ||
| 650 |
_aUG Projects _998716 |
||
| 651 |
_aTE-34 _9131256 |
||
| 942 |
_cPR _2ddc |
||
| 999 |
_c188628 _d188628 |
||